Buscamos la equidad social: entrevista a Mercedes Sánchez Dagum, Alberto Tarditti, Raúl Vera Ocampo, Carlos Emilio Gatti /

Salvato in:
Dettagli Bibliografici
Autore principale: Gerbaldo, Judith
Natura: testo
Soggetti:
Tags: Aggiungi Tag
Nessun Tag, puoi essere il primo ad aggiungerne!!

MARC

LEADER 00000 a a2200000 04500
001 4866
003
040
100 |a Gerbaldo, Judith  
245 |a Buscamos la equidad social:   |b entrevista a Mercedes Sánchez Dagum, Alberto Tarditti, Raúl Vera Ocampo, Carlos Emilio Gatti /  |c Judith Gerbaldo 
650 |a JUVENTUD  
650 |a EQUIDAD SOCIAL  
650 |a SOCIEDAD  
650 |a GLOBALIZACION  
773 |g volumen 3, número 17 -18; páginas 24-29  
999 |c 39810  |d 39810